00529nam a2200169Ia 45000030006000000080041000060400015000471000020000622450058000822600037001403000006001775460012001839420012001959990017002070050017002249520118002410STCL150530s9999 xx 000 0 und d aSTCLcSTCL aSunita Vashisth aAggnya, Dharmvir Bharti Aur Mohan Rakesh Ki Kathyatra bChinmaya Prakashan; Jaipurc1986 a0 aEnglish 2ddccBK c65625d6562520220125171310.0 00102ddc4070aSTCALbSTCALcGENd2015-05-30g90.00l0o891.434-596p56581r2015-05-30 00:00:00w2015-05-30yBK